|
|
|
|
| LEADER |
00000nam a2200000 a 4500 |
| 001 |
vtls001378413 |
| 003 |
SK-MaSNL |
| 005 |
20260301201440.0 |
| 008 |
240313s1999 xo fa y 0 slo |
| 015 |
|
|
|a SNBK2000/02-00492
|
| 020 |
|
|
|a 8080471967
|
| 035 |
|
|
|a SNK000332378
|
| 040 |
|
|
|a SNK
|b slo
|c SNK
|e AACR2
|
| 044 |
|
|
|a xo
|c SK
|
| 080 |
|
|
|a 820-3(02.056.262)
|2 1981
|
| 100 |
1 |
|
|a Archer, Jeffrey,
|d 1940-
|4 aut
|9 89870
|
| 245 |
1 |
|
|a Prvý medzi rovnými
|h slepecká tlač
|n 1.-4. zv.
|c Jeffrey Archer
|
| 260 |
|
|
|a Levoča
|b Slovenská knižnica pre nevidiacich Mateja Hrebendu
|c 1999
|
| 300 |
|
|
|a 4 zv. ([128, 120, 116, 72] s.) v Brailleovom písme
|c 32x27 cm
|
| 655 |
|
7 |
|a anglické romány
|2 SNKPH
|9 70428
|
| 919 |
|
|
|a 80-8047-196-7
|
| 958 |
|
|
|a SX
|
| 958 |
|
|
|a LX
|
| 958 |
|
|
|a NS
|
| 958 |
|
|
|a GB
|
| 958 |
|
|
|a KST
|
| 999 |
|
|
|c 894865
|d 896795
|
| 952 |
|
|
|t P60, <03>, [BOOK], {603}
|a SNK
|b SNK
|y PREZ
|7 0
|p 17A0219817
|o snkOSB 12333/1
|i snkKSP 12019/99
|0 0
|1 0
|4 0
|d 1999-12-03
|l 0
|r 2005-01-02 00:00:00
|w 2026-02-24
|
| 952 |
|
|
|t P60, <03>, [BOOK], {603}
|a SNK
|b SNK
|y PREZ
|7 0
|p 17A0219819
|o snkOSB 12333/3
|i snkKSP 12021/99
|0 0
|1 0
|4 0
|d 1999-12-03
|l 0
|r 2005-01-02 00:00:00
|w 2026-02-24
|
| 952 |
|
|
|t P60, <03>, [BOOK], {603}
|a SNK
|b SNK
|y PREZ
|7 0
|p 17A0219820
|o snkOSB 12333/4
|i snkKSP 12022/99
|0 0
|1 0
|4 0
|d 1999-12-03
|l 0
|r 2005-01-02 00:00:00
|w 2026-02-24
|
| 952 |
|
|
|t P60, <03>, [BOOK], {603}
|a SNK
|b SNK
|y PREZ
|7 0
|p 17A0219818
|o snkOSB 12333/2
|i snkKSP 12020/99
|0 0
|1 0
|4 0
|d 1999-12-03
|l 0
|r 2005-01-02 00:00:00
|w 2026-02-24
|